The Life of Christina of Markyate / (Record no. 922)
[ view plain ]
| 000 -LEADER | |
|---|---|
| fixed length control field | 00835nam a22002292 4500 |
| 001 - CONTROL NUMBER | |
| control field | 0000018532 |
| 005 - DATE AND TIME OF LATEST TRANSACTION | |
| control field | 20151021151125.0 |
| 008 - FIXED-LENGTH DATA ELEMENTS--GENERAL INFORMATION | |
| fixed length control field | 100208s xx 000 0 eng d |
| 020 ## - INTERNATIONAL STANDARD BOOK NUMBER | |
| International Standard Book Number | 0199556052 : |
| 040 ## - CATALOGING SOURCE | |
| Original cataloging agency | KABU |
| Transcribing agency | KABU |
| 245 14 - TITLE STATEMENT | |
| Title | The Life of Christina of Markyate / |
| Statement of responsibility, etc. | translated by C. H. Talbot; revised with an introduction and notes by Samuel Fanous and Henrietta Leyser. |
| 250 ## - EDITION STATEMENT | |
| Edition statement | 1st ed. |
| 260 ## - PUBLICATION, DISTRIBUTION, ETC. (IMPRINT) | |
| Place of publication, distribution, etc. | Oxford : |
| Name of publisher, distributor, etc. | O. U. P., |
| Date of publication, distribution, etc. | 2008. |
| 300 ## - PHYSICAL DESCRIPTION | |
| Extent | xxxii, 100 p. |
| 600 10 - SUBJECT ADDED ENTRY--PERSONAL NAME | |
| Personal name | Christina, of Markyate, Saint, b. ca. 1096. |
| -- | 0000177835 |
| 650 #0 - SUBJECT ADDED ENTRY--TOPICAL TERM | |
| Topical term or geographic name as entry element | Christian women saints |
| General subdivision | Biography |
| Geographic subdivision | England. |
| -- | 0000177836 |
| 700 1# - ADDED ENTRY--PERSONAL NAME | |
| Personal name | Fanous, Samuel. |
| -- | 0000177837 |
| 700 1# - ADDED ENTRY--PERSONAL NAME | |
| Personal name | Leyser, Henrietta. |
| -- | 0000177838 |
| 852 1# - LOCATION | |
| -- | p2077.70 KSH |
| 908 ## - PUT COMMAND PARAMETER (RLIN) | |
| Put command parameter | 100208 |
| 950 ## - LOCAL HOLDINGS (RLIN) | |
| -- | 1 |
| Withdrawn status | Lost status | Source of classification or shelving scheme | Not for loan | Home library | Current library | Date acquired | Total Checkouts | Full call number | Barcode | Date last seen | Price effective from | Koha item type |
|---|---|---|---|---|---|---|---|---|---|---|---|---|
| Library of Congress Classification | Kabarak, Main Campus | Kabarak, Main Campus | 17/12/2015 | BX4700 .C56L54 2008 c. 1 | 18444 | 17/12/2015 | 17/12/2015 | General Collection | ||||
| Library of Congress Classification | Kabarak, Nakuru City Campus | Kabarak, Nakuru City Campus | 21/10/2015 | BX4700 .C56L54 2008 c. 1 | 18445 | 21/10/2015 | 21/10/2015 | General Collection |